| 000 | 01498nam0a22003011 4500 | ||
|---|---|---|---|
| 001 | rc\4652556 | ||
| 005 | 20260407112440.0 | ||
| 021 |
_aRU _b[67-38016] |
||
| 035 | _a(NLR Aleph) 008692306 | ||
| 090 |
_a9246654 _c9246654 |
||
| 100 | _a20130416g19661967|||y0rusy50 ca | ||
| 101 | 0 | _arus | |
| 102 | _aRU | ||
| 105 | _aa z ||||| | ||
| 200 | 1 |
_aСоциологические исследования _eВопросы методологии и методики _e[Сборник] _fНауч. ред. канд. филос. наук Р.В. Рывкина |
|
| 210 |
_aНовосибирск _cБ. и. _d1966 [вып. дан. 1967] |
||
| 215 |
_a471 с. _cчерт. _d20 |
||
| 225 | 1 |
_aМинистерство высшего и среднего специального образования РСФСР. Новосибирский государственный университет. [Научные труды _iСерия экономическая] |
|
| 300 | _aРезюме на англ. яз. | ||
| 320 | _aВспом. указатели: с. 459-467 | ||
| 606 |
_aКонкретно-социологические исследования _xМетодология _jСборники _2psbo |
||
| 702 | 1 |
_aРывкина _bР.В. _4340 |
|
| 712 | 0 | 2 |
_aНовосибирский университет им. Ленинского комсомола _3RU\NLR\AUTH\889940873 _9376595 |
| 801 | 0 |
_aRU _bNLR _gpsbo |
|
| 801 | 1 |
_aRU _bELAR _2rusmarc |
|
| 852 |
_aNLR _j67-3/3013 |
||
| 942 | _cBOOK | ||
| 980 | _aNB | ||